The secret valley / (Record no. 187779)

MARC details
000 -LEADER
fixed length control field 00882nam a22002777i 4500
005 - DATE AND TIME OF LATEST TRANSACTION
control field 20220509143259.0
008 - FIXED-LENGTH DATA ELEMENTS--GENERAL INFORMATION
fixed length control field 220509t20092009 a|||e |||| 00| 0 eng d
020 ## - INTERNATIONAL STANDARD BOOK NUMBER
International Standard Book Number 9781841357539
Qualifying information hardback
040 ## - CATALOGING SOURCE
Original cataloging agency PPAK
Language of cataloging eng
Transcribing agency PPAK
Description conventions rda
082 04 - DEWEY DECIMAL CLASSIFICATION NUMBER
Edition number 23
Classification number 823.92
090 00 - LOCALLY ASSIGNED LC-TYPE CALL NUMBER (OCLC); LOCAL CALL NUMBER (RLIN)
Classification number (OCLC) (R) ; Classification number, CALL (RLIN) (NR) 823.92
Feature heading BOL
Feature heading KAO
100 1# - MAIN ENTRY--PERSONAL NAME
Personal name Bolton, T. J.
Relator term author.
245 10 - TITLE STATEMENT
Title The secret valley /
Statement of responsibility, etc. by T.J. Bolton ; Illustrated by Val Biro
264 #1 - PRODUCTION, PUBLICATION, DISTRIBUTION, MANUFACTURE, AND COPYRIGHT NOTICE
Place of production, publication, distribution, manufacture Nottinghamshire :
Name of producer, publisher, distributor, manufacturer Award Publications Limited,
Date of production, publication, distribution, manufacture, or copyright notice 2009
Date of production, publication, distribution, manufacture, or copyright notice ©2009
300 ## - PHYSICAL DESCRIPTION
Extent 204 pages :
Other physical details illustrations ;
Dimensions 21 cm
336 ## - CONTENT TYPE
Source rdacontent
Content type term text
337 ## - MEDIA TYPE
Source rdamedia
Media type term unmediated
338 ## - CARRIER TYPE
Source rdacarrier
Carrier type term volume
490 1# - SERIES STATEMENT
Series statement A secret series adventure ;
Volume/sequential designation 6
600 1# - SUBJECT ADDED ENTRY--PERSONAL NAME
Personal name Blyton, Enid
650 10 - SUBJECT ADDED ENTRY--TOPICAL TERM
Topical term or geographic name entry element Children's stories, English
700 1# - ADDED ENTRY--PERSONAL NAME
Personal name Biro, Val,
Relator term illustrator.
830 #0 - SERIES ADDED ENTRY--UNIFORM TITLE
Uniform title A secret series adventure ;
Volume/sequential designation 6
942 ## - ADDED ENTRY ELEMENTS (KOHA)
Source of classification or shelving scheme Dewey Decimal Classification
Koha item type Book
Holdings
Withdrawn Not for loan Current library Shelving location Date acquired Full call number Barcode Date last seen Koha item type
  Not For Loan Perpustakaan Jitra Koleksi Asmah Haji Omar 08/06/2022 KAO 823.92 BOL KAO001007 08/06/2022 Book